Welche Stadt gibt es tatsächlich? – Multiple Choice - Statistiken

Allgemein
  • Dieses Quiz wurde 75 mal gespielt
  • Das Durchschnittsergebnis liegt bei 8 aus 15
Antwortstatistiken
Frage Antwort % Korrekt
Wie heißt die größte Stadt des österreichischen Bundeslands Vorarlberg? Dornbirn
91%
Wobei handelt es sich um eine Provinzhauptstadt im Südosten der Türkei? Batman
78%
Welche Hafenstadt gehört zu den 10 größten Städten Tansanias? Tanga
66%
In welcher brasilianischen Stadt mit über 300.000 Einwohnern gibt es viele Fachwerkhäuser? Blumenau
64%
Welche Stadt in Indien hat über 2 Mio. Einwohner? Indore
61%
Wie heißt eine Millionenstadt in Nigeria? Benin City
58%
Welche Stadt liegt nicht im gleichnamigen Bundesstaat, sondern im Norden von Indiana? Michigan City
53%
Wie heißt die einzige Siedlung auf der britischen Atlantikinsel Tristan da Cunha? Edinburgh of the Seven Seas
47%
Welche japanische Stadt mit über 400.000 wurde 1959 nach einem Autohersteller benannt? Toyota
47%
Wie heißt eine Stadt im australischen Bundesstaat New South Wales mit ca. 57.000 Einwohnern? Wagga Wagga
44%
Welche dieser Städte liegt in Nordspanien und hat ca. 77.000 Einwohner? Palencia
42%
Welche Stadt mit 50.000 Einwohnern liegt in der süditalienischen Region Apulien? Monopoli
33%
Welche Stadt im Nordosten Englands hat knapp 40.000 Einwohner? Redcar
33%
Wie heißt eine der größten Küstenstädte in Ecuador? Manta
30%
Wie heißt eine Stadt mit 50.000 Einwohnern im Großraum Mailand? Rho
30%
Keine übereinstimmenden Quizze gefunden
Verteilung der Resultate
Anzahl Personen mit jedem Resultat
Perzentil nach korrekt beantworteten Fragen
Ihre Resultats-Entwicklung
Sie haben dieses Quiz noch nicht gespielt